000 00667nam a22002417a 4500
003 UA-OsUOA
001 44432
007 ta
008 20101028b un ||||| |||| 00| 0 ukr d
100 _aКлен Ю.
090 _a82(477)
_bК48
942 _cBK
040 _aUA-OsUOA
_bukr
_cUA-OsUOA
_dUA-OsUOA
245 _aВибране
300 _a460 с.
955 _a3
041 _aukr
080 _a82(477)
260 _aКиїв
_bДніпро
_c1991
650 7 _a82 Література. Літературознавство
_2UDC
999 _c424491
_d424491